Hochschulen in Aachen - Statistiken

Allgemein
  • Dieses Quiz wurde 65 mal gespielt
  • Das Durchschnittsergebnis liegt bei 2 aus 5
Antwortstatistiken
Hint Antwort % Korrekt
Größte Uni in Aachen RWTH Aachen
100%
Bekannt für Luft- und Raumfahrttechnik FH Aachen
60%
Bekannt für soziale Studiengänge KatHO
41%
Hat den Hauptsitz nicht in Aachen Hochschule für Musik und Tanz Köln
16%
Hochschule für Ökonomie und Management FOM
12%
Keine übereinstimmenden Quizze gefunden
Verteilung der Resultate
Anzahl Personen mit jedem Resultat
Perzentil nach korrekt beantworteten Fragen
Ihre Resultats-Entwicklung
Sie haben dieses Quiz noch nicht gespielt